Bugonia (Record no. 414366)
[ view plain ]
| 000 -LEADER | |
|---|---|
| fixed length control field | 01443ngm a22004092a 4500 |
| 001 - CONTROL NUMBER | |
| control field | on1546497356 |
| 003 - CONTROL NUMBER IDENTIFIER | |
| control field | MWT |
| 005 - DATE AND TIME OF LATEST TRANSACTION | |
| control field | 20251219122552.0 |
| 007 - PHYSICAL DESCRIPTION FIXED FIELD--GENERAL INFORMATION | |
| fixed length control field | vd cvaizs |
| 008 - FIXED-LENGTH DATA ELEMENTS--GENERAL INFORMATION | |
| fixed length control field | 251219s2025 xxu118 e vleng d |
| 040 ## - CATALOGING SOURCE | |
| Original cataloging agency | Midwest |
| 020 ## - INTERNATIONAL STANDARD BOOK NUMBER | |
| International Standard Book Number | |
| Terms of availability | $30.99 |
| 024 1# - OTHER STANDARD IDENTIFIER | |
| Standard number or code | 191329284742 |
| 028 42 - PUBLISHER NUMBER | |
| Publisher number | 18731724 |
| 245 00 - TITLE STATEMENT | |
| Title | Bugonia |
| Medium | [videorecording]. |
| 250 ## - EDITION STATEMENT | |
| Edition statement | Widescreen ed. |
| 260 ## - PUBLICATION, DISTRIBUTION, ETC. (IMPRINT) | |
| Place of publication, distribution, etc | [United States] : |
| Name of publisher, distributor, etc | Universal, |
| Date of publication, distribution, etc | 2025. |
| 300 ## - PHYSICAL DESCRIPTION | |
| Extent | 1 videodisc (ca. 118 min.) : |
| Other physical details | sd., col. ; |
| Dimensions | 4 3/4 in. |
| 500 ## - GENERAL NOTE | |
| General note | 12/23/2025 |
| 511 1# - PARTICIPANT OR PERFORMER NOTE | |
| Participant or performer note | Emma Stone, Jesse Plemons, Aidan Delbis, Alicia Silverstone, Stavros Halkias. |
| 508 ## - CREATION/PRODUCTION CREDITS NOTE | |
| Creation/production credits note | Director, Yorgos Lanthimos. |
| 538 ## - SYSTEM DETAILS NOTE | |
| System details note | DVD. |
| 546 ## - LANGUAGE NOTE | |
| Language note | English, Described video (eng, French, Spanish audio; French, Spanish subtitles. |
| 546 ## - LANGUAGE NOTE | |
| Language note | English subtitles for the deaf and hard of hearing. |
| 521 8# - TARGET AUDIENCE NOTE | |
| Target audience note | MPAA rating: R. |
| 520 ## - SUMMARY, ETC. | |
| Summary, etc | Two conspiracy obsessed young men kidnap the high-powered CEO of a major company, convinced that she is an alien intent on destroying planet Earth. |
| 650 #4 - SUBJECT ADDED ENTRY--TOPICAL TERM | |
| Topical term or geographic name as entry element | Crime. |
| 650 #4 - SUBJECT ADDED ENTRY--TOPICAL TERM | |
| Topical term or geographic name as entry element | Science Fiction. |
| 650 #4 - SUBJECT ADDED ENTRY--TOPICAL TERM | |
| Topical term or geographic name as entry element | Comedy. |
| 655 #4 - INDEX TERM--GENRE/FORM | |
| Genre/form data or focus term | Comedy. |
| 700 1# - ADDED ENTRY--PERSONAL NAME | |
| Personal name | Stone, Emma |
| 9 (RLIN) | 5768189 |
| 700 1# - ADDED ENTRY--PERSONAL NAME | |
| Personal name | Plemons, Jesse |
| 9 (RLIN) | 5771793 |
| 700 1# - ADDED ENTRY--PERSONAL NAME | |
| Personal name | Delbis, Aidan |
| 9 (RLIN) | 6556045 |
| 700 1# - ADDED ENTRY--PERSONAL NAME | |
| Personal name | Silverstone, Alicia |
| 9 (RLIN) | 61792 |
| 700 1# - ADDED ENTRY--PERSONAL NAME | |
| Personal name | Halkias, Stavros |
| 9 (RLIN) | 6546124 |
| 856 7# - ELECTRONIC LOCATION AND ACCESS | |
| Materials specified | View cover art |
| Uniform Resource Identifier | <a href="https://thumbnail.midwesttape.com/18731724_180.jpg">https://thumbnail.midwesttape.com/18731724_180.jpg</a> |
| Access method | https |
| Withdrawn status | Lost status | Source of classification or shelving scheme | Damaged status | Not for loan | Collection code | Home library | Current library | Shelving location | Date acquired | Source of acquisition | Total Checkouts | Total Renewals | Full call number | Barcode | Date last seen | Date checked out | Cost, replacement price | Price effective from | Koha item type |
|---|---|---|---|---|---|---|---|---|---|---|---|---|---|---|---|---|---|---|---|
| Dewey Decimal Classification | Movies | Wasatch County Library | Wasatch County Library | Audio Visual Area | 12/30/2025 | Midwest Tape | 9 | 5 | Movie Bugonia | 34301002175968 | 03/08/2026 | 03/07/2026 | 30.99 | 12/30/2025 | DVD |
